00190nam a2200085Ia 4500008004100000100001600041245002000057260001800077260000900095170617s9999 xx 000 0 und d aMORYA- R.K. 0aPATHOPHYSIOLOGY bN. DELHI- CBS c2011